100 Soccer Players From Each Country. - Statistics

General Stats
  • This quiz has been taken 174 times
    145 since last reset
  • The average score is 95 of 100
Answer Stats
Hint Answer % Correct
Alfredo De Stefano | Diego Maradona | Emiliano Martinez | +5 others Argentina
100%
Allison Becker | Ederson | Kaka | +11 others Brazil
100%
Burkayo Saka | David Beckham | Declan Rice | +7 others England
100%
Hugo Lloris | Karim Benzema | Kylian Mbappe | +6 others France
100%
Johan Cruyff | Virgil Van dijk | Xavi Simons Netherlands
100%
Erling Haaland | Martin Odegaard Norway
100%
Bernado Silva | Cristiano Ronaldo | Pepe | Ruben Dias Portugal
100%
Franz Beckenbauer | Gerd Muller | Jamal Musiala | +6 others Germany
99%
Eden Hazard | Kevin De Bruyne | Romelu Lukaku | Thibaut Courtois Belgium
98%
Andre Pirlo | Balotelli | Gianluigi Buffon | +3 others Italy
98%
Andres Iniesta | Dani Carvajal | Iker Casillas | +2 others Spain
98%
Darwin Nunez | Federico Valverde | Luis Suarez Uruguay
98%
Mohhamed Salah Egypt
97%
Christian Pulisic Usa
97%
Martin Garuch | Robert Lewandowski Poland
96%
Ashraf Hakimi | Hakim Ziyech | Yashin Bounou Morocco
95%
Heung Min Son South Korea
95%
Zlatan Ibrahimovic Sweden
95%
Dominik Szoboszlai | Ferenc Puskas Hungary
94%
Gareth Bale Wales
94%
Lev Yashin Russia
93%
Christian Eriksen Denmark
92%
Alphonso Davies Canada
91%
Luka Modric Croatia
91%
Jan Oblak Slovenia
83%
George Best Ireland
77%
Yaya Toure Ivory Coast
77%
Masuluke Oscarine South Africa
25%
Edward Camavinga Angola
19%
Faiq Bolkiah Brunei
17%
Angel Di Maria Argentia
6%
No matching quizzes found
Score Distribution
Percent of People with Each Score
Percentile by Number Answered
Your Score History
You have not taken this quiz since the last reset